000 00873nam a2200253 a 4500
001 BRCA_4174
005 20190320204555.0
008 220410s1954----enka######---#000-0#eng-#
041 _aeng
044 _aenk
050 4 _aN8560
_b.S28 1954
100 1 _aSavage, Leonard George Gimson
_92719
245 1 0 _aThe Art and Antique Restorer´s handbook
_ba Dictionary of Materials and Processes used in the Restoration & Preservation of all Kinds of Works of Art
_cby George Savage.
260 _aGran Bretaña
_bRockliff
_cc1954
300 _a140 p.
_bil
_c22 cm.
500 _aIncluye índice alfabético
500 _aDiccionario inventariado por Banco de México como libro
500 _aAA103
504 _aBibliografía: p. 131
650 1 4 _aConservación y restauración
_910779
650 1 4 _aEnciclopedias y diccionarios
_99441
902 _aGFM
942 _2lcc
_cB
999 _c3890
_d3890